• 首页
  • 本馆介绍
  • 公告通知
  • 最新文献
  • 馆藏检索
  • 电子资源
  • 读者导购
  • 参考咨询
  • 我的图书馆
  • 登录
  • 详细信息显示
  • 放入我的书架
  • 预约/预借图书
  • 作者相关作品
  • 分类相关作品
  • 丛书相关作品
  • 出版社相关作品

书目信息

  • 表格格式
  • 工作单格式
  • 卡片格式
题名:
地震与构造
    
 
作者: 张兆琪
分册:  
出版信息: 太原   山西科学技术出版社  2016.03
页数: 142页
开本: 26cm
丛书名:
单 册:
中图分类: P315.2
科图分类:
主题词: 岩石--物理学 , 固体地球物理学
电子资源:
ISBN: 978-7-5377-5255-8
000 00609nam0 2200217 450
001 3736
005 20160926151458.17
010    @a978-7-5377-5255-8@b平装@dCNY88.00
100    @a20151002d2016 km y0chiy0120 ea
101 0  @achi
102    @aCN@b140000
200 1  @a地震与构造@Adi zhen yu gou zao@f张兆琪@Fzhang zhao qi
210    @a太原@c山西科学技术出版社@d2016.03
215    @a142页@d26cm
330    @a地震构造·研究
606 0  @a岩石@x物理学
606 0  @a固体地球物理学
690    @aP315.2@v4
701  0 @a张兆琪@Azhang zhao qi
801  0 @aCN@b唐山师范学院图书馆@c20151002
905    @aZUCC@dP315.2@e116
    
    地震与构造/张兆琪.-太原:山西科学技术出版社,2016.03
    142页;26cm
    
    
    ISBN 978-7-5377-5255-8(平装):CNY88.00
    地震构造·研究
●
相关链接 在E读中查询图书 在五车中查询图书 在当当中查询图书 在豆瓣中查询图书


正题名:地震与构造     索取号:P315.2/116         预约/预借

序号 登录号 条形码 馆藏地/架位号 状态 备注
1 906102   209061021   第二样本阅览室/ [索取号:P315.2/116] 在馆    
2 906103   209061030   第三借阅区/ [索取号:P315.2/116] 在馆    
3 906104   209061049   第三借阅区/ [索取号:P315.2/116] 在馆    
4 906105   209061058   第三借阅区/ [索取号:P315.2/116] 在馆    
5 906106   209061067   第三借阅区/ [索取号:P315.2/116] 在馆    
唐山师范学院图书馆 欢迎您!
大连网信软件有限公司© 版权所有